Mechanical properties of rubberwood from a 35-year-old plantation in Central Kerala, India (Record no. 48109)

MARC details
000 -LEADER
fixed length control field 00992nam a2200157Ia 4500
100 ## - MAIN ENTRY--AUTHOR NAME
Personal name Gnanaharan R
245 #0 - TITLE STATEMENT
Title Mechanical properties of rubberwood from a 35-year-old plantation in Central Kerala, India
260 ## - PUBLICATION, DISTRIBUTION, ETC. (IMPRINT)
Name of publisher Journal of Tropical Forest Science
Year of publication 1993
300 ## - PHYSICAL DESCRIPTION
Number of Pages 136-140
520 ## - SUMMARY, ETC.
Summary, etc The mechanical properties of air-dried rubberwood(Hevea brasiliensis) from a 35-y-old plantation in the central region of Kerala were determined. It was found that the mechanical properties tested, namely, moulds of rupture (MOR), modulus of elasticity (MOE) and maximum compressive stress (MCS) were higher for the 35-y-old material than for lower age material reported in the literature. These properties were comparable with those of other conventional timbers grown in Keral. The study showed that rubberwood possesses medium strength properties.
650 ## - SUBJECT ADDED ENTRY--TOPICAL TERM
Topical Term Kerala
650 ## - SUBJECT ADDED ENTRY--TOPICAL TERM
Topical Term Rubberwood
700 ## - ADDED ENTRY--PERSONAL NAME
Personal name Dhamodaran T K
942 ## - ADDED ENTRY ELEMENTS (KOHA)
Koha item type Bibliography RLWO
Holdings
Withdrawn status Lost status Damaged status Not for loan Home library Current library Date acquired Serial Enumeration / chronology Koha item type
      Bibliography RRII Library RRII Library 31/12/2021 Volume 6, Issue 2 Bibliography RLWO